Cuerpos pintados por Polesello
Saved in:
| 企業作者: | |
|---|---|
| 格式: | 圖書 |
| 語言: | 西班牙语 |
| 出版: |
Santiago
Taller Experimental Cuerpos Pintados
2007
|
| 版: | 1a. ed |
| 叢編: | Cuerpos Pintados. Pintura, A33
|
| 主題: | |
| 標簽: |
添加標簽
沒有標簽, 成為第一個標記此記錄!
|
MARC
| LEADER | 00000cam a2200000 a 4500 | ||
|---|---|---|---|
| 001 | UCF2768 | ||
| 003 | CL-VaPUC | ||
| 008 | 120910e20070000CL |||||||||||||||||spa|d | ||
| 020 | |a 9789563080384 | ||
| 082 | 0 | 4 | |a 757.22 |b TAL |2 21 |
| 110 | 2 | |a Taller Experimental Cuerpos Pintados |e author |9 564566 | |
| 245 | 1 | 0 | |a Cuerpos pintados por Polesello |
| 250 | |a 1a. ed | ||
| 300 | |a 163 P | ||
| 942 | |c BK | ||
| 945 | |d 20120910 00:00:00 |a dcastane | ||
| 260 | |a Santiago |b Taller Experimental Cuerpos Pintados |c 2007 | ||
| 500 | |a Fotografías de Roberto Edwards | ||
| 650 | 0 | |a Pintura |9 265046 | |
| 650 | 7 | |a DESNUDO EN EL ARTE |2 CL-VaPUC |9 444355 | |
| 650 | 0 | |a Pintura chilena siglo 20 |9 314453 | |
| 583 | |a last modification |c 20120910 11:39:00 |k Rodrigo Vera | ||
| 490 | 0 | |a Cuerpos Pintados. Pintura, A33 | |
| 999 | |c 349307 |d 349305 | ||
| 952 | |0 0 |1 0 |4 0 |6 757_220000000000000_TAL_2007 |7 0 |8 X |9 451883 |a BIBART |b BIBART |d 2019-11-22 |i 4896114 |o 757.22 TAL 2007 |p 4896114 |r 2025-03-13 |w 2019-11-22 |y BK_X |k ART | ||